000 003140000a22001450004500
003 MACL
040 _aMACL
090 _c32193
_d32191
100 _aThe English Book Depot
245 _aArmy Cadet College
260 _bThe English Book Depot
350 _a250
650 _aMilitary Science
942 _cBOOK
_k355
999 _c31866
_d31866